AH International Schools' Libraries

Flying fergus / (Record no. 49533)

MARC details
000 -LEADER
fixed length control field 00279nam a2200109 4500
020 ## - INTERNATIONAL STANDARD BOOK NUMBER
International Standard Book Number 9781848127142
100 ## - MAIN ENTRY--PERSONAL NAME
Personal name Hoy, Chris
9 (RLIN) 86672
245 ## - TITLE STATEMENT
Title Flying fergus /
Statement of responsibility, etc Chris Hoy
260 ## - PUBLICATION, DISTRIBUTION, ETC. (IMPRINT)
Place of publication, distribution, etc Great Britain
Name of publisher, distributor, etc Piccadilly Press
Date of publication, distribution, etc 2018
300 ## - PHYSICAL DESCRIPTION
Extent 337 p.
Other physical details ill.
Dimensions 20 cm.
942 ## - ADDED ENTRY ELEMENTS (KOHA)
Source of classification or shelving scheme
Koha item type Book
Holdings
Withdrawn status Lost status Source of classification or shelving scheme Damaged status Not for loan Home library Current library Shelving location Date acquired Total Checkouts Full call number Barcode Date last seen Date checked out Price effective from Koha item type
          Asian Hope Primary Library Asian Hope Primary Library Junior Fiction 09/09/2025 4 J FIC HOY 208149 04/02/2026 03/26/2026 09/09/2025 Book

For any Logos Library related questions please contact Miss Art at swongnarasuk@asianhope.org.

For any Asian Hope Library related questions please contact Miss Raza at graza@asianhope.org.

Powered by Koha